000 00793nam a2200229 a 4500
005 20240420063848.0
008 991125m19932000es 000 0 spa u
020 _a8485252535
035 _aUPN01000050833
049 _aLT
050 4 _aLC4001
_bR4.4 no.18 LE
100 1 _aVilanova Peña, José ML.
245 1 0 _aRecuperación y desarrollo de la memoria :
_bnivel escolar /
_cJosé ML. Vilanova Peña.
260 _aMadrid :
_bCEPE,
_c1993 (2000 impr.).
300 _a91 p. :
_bil.
440 0 _aCuadernos de recuperación ;
_v18
500 _aTítulo en cubierta: Recuperación y desarrollo de la memoria : nivel 2o y 3o ciclo de primaria y ESO
650 4 _aMEMORIA, TRASTORNOS DE LA
_95573
650 4 _aEducación especial
_93029
650 4 _aMEMORIZACION
_921706
905 _aLibro
999 _c50833
_d50833